000 00681nam a2200289Ia 4500
005 20260324140929.0
008 008 260324s9999 xx 000 0 eng d
020 _a9781315293011
037 _aEBOOK
040 _aCRL
040 _beng
040 _cCRL
041 _2eng
041 _aeng
084 _qCRL
100 _aLaura S. Sims
_91206277
245 4 _aThe Politics of Fat
245 0 _bPeople, Power and Food and Nutrition Policy
260 _bTaylor and Francis
260 _c1998
365 _a
365 _b230
856 _uhttp://www.taylorfrancis.com/books/9781315293011
942 _cEBOOK
999 _c1808839
_d1808839